Les poèmes de Ts'in Pao / (Record no. 115716)

MARC details
000 -LEADER
campo de control de longitud fija 00611nam a2200181 i 4500
001 - NÚMERO DE CONTROL
campo de control 115716
003 - IDENTIFICADOR DE NÚMERO DE CONTROL
campo de control ES-MaACL
005 - FECHA Y HORA DE LA ÚLTIMA TRANSACCIÓN
campo de control 20230906190536.0
007 - CAMPO FIJO DE DESCRIPCIÓN FÍSICA--INFORMACIÓN GENERAL
campo de control de longitud fija t|
008 - DATOS DE LONGITUD FIJA--INFORMACIÓN GENERAL
campo de control de longitud fija 070508q19001920fr ||||1| fre d
100 1# - ENTRADA PRINCIPAL--NOMBRE DE PERSONA
Nombre de persona Congre, Sébastien.
9 (RLIN) 40175
245 14 - MENCIÓN DEL TÍTULO
Título Les poèmes de Ts'in Pao /
Mención de responsabilidad, etc. traduits du chinois par Sébastien Congre ; et illustrés par René Gabriel.
260 ## - PUBLICACIÓN, DISTRIBUCIÓN, ETC.
Lugar de publicación, distribución, etc. [Paris?] :
Nombre del editor, distribuidor, etc. La Renaissance du Livre,
Fecha de publicación, distribución, etc. [19-?]
300 ## - DESCRIPCIÓN FÍSICA
Extensión 104 p., 4 lám. :
Otras características físicas il. ;
Dimensiones 16 cm.
500 ## - NOTA GENERAL
Nota general El personaje Ts'in Pao es ficticio a todas luces.
700 1# - ENTRADA AGREGADA--NOMBRE PERSONAL
Nombre de persona Gabriel, René.
9 (RLIN) 53153
852 ## - LOCALIZACIÓN
Ubicación ES-MaACL
Número de control de estantería F-1093
Holdings
Estatus retirado Estado de pérdida Estado de daño No para préstamo Colección Biblioteca de origen Biblioteca actual Ubicación en estantería Fecha de adquisición Fuente de adquisición Total de préstamos Signatura topográfica completa Código de barras Visto por última vez Precio de reemplazo Tipo de ítem Koha
        Libros del s. XIX Biblioteca del Ateneo de Madrid Biblioteca del Ateneo de Madrid Depósito 2 17/01/2008     F-1093 1120672 23/02/2023 23/02/2023 Libro impreso antiguo